|
|
|
|
| LEADER |
01079nam a2200313 4500 |
| 001 |
DLU180183080 |
| 005 |
##20180115 |
| 020 |
# |
# |
|a 9786047846276
|
| 040 |
# |
# |
|a DLU
|b vie
|
| 041 |
# |
# |
|a vie
|
| 044 |
# |
# |
|a vn
|
| 082 |
# |
# |
|a 398.22
|b LE-L
|
| 100 |
# |
# |
|a Lê Thị Thùy Ly.
|
| 245 |
# |
# |
|a Sử thi Ba Na và số phận của nó trong xã hội đương đại /
|c Lê Thị Thùy Ly.
|
| 260 |
# |
# |
|a H. :
|b Mỹ thuật,
|c 2016.
|
| 300 |
# |
# |
|a 312 tr. :
|b minh họa ;
|c 21 cm.
|
| 505 |
# |
# |
|a Chương 1. Tổng quan về những vấn đề liên quan đến đề tài nghiên cứu -- Chương 2. Sử thi Ba Na - sản phẩm văn hóa đặc thù của người Ba Na trong quá khứ -- Chương 3. Số phận của sử thi Ba Na trong xã hội đương đại.
|
| 650 |
# |
# |
|a Văn học sử thi, Ba Na
|x Lịch sử và phê bình.
|
| 923 |
# |
# |
|a 01/2017
|
| 991 |
# |
# |
|a SH
|
| 992 |
# |
# |
|a 12000
|
| 994 |
# |
# |
|a DLU
|
| 900 |
# |
# |
|a True
|
| 911 |
# |
# |
|a Nguyễn Thanh Hương
|
| 925 |
# |
# |
|a G
|
| 926 |
# |
# |
|a A
|
| 927 |
# |
# |
|a SH
|
| 980 |
# |
# |
|a Thư viện Trường Đại học Đà Lạt
|